| 000 | 00553cas a22001935a 4500 | ||
|---|---|---|---|
| 001 | L139134 | ||
| 008 | 070723d19721975xxkmr p 0 a0eng u | ||
| 035 | _a(Sirsi) u139134 | ||
| 041 | 0 | _aeng | |
| 245 | 0 | 0 | _aBuilt Environment |
| 260 |
_aLondon _Architecture and Planning Publications Ltd _c1972-1975 |
||
| 362 | 0 | _a1(1) April 1972-4(3) March 1975 | |
| 554 | _a12 per year | ||
| 651 | 4 |
_aUnited Kingdom _y |
|
| 690 | _aBUILT ENVIRONMENT | ||
| 780 | 0 | 0 |
_tOAP _bJournal for the Built Environment |
| 785 | 0 | 0 | _tBuilt Environment Quarterly |
| 942 | _n0 | ||
| 999 |
_c119070 _d119070 |
||